000
00244nam a22001217a 4500
008
210304b ||||| |||| 00| 0 eng d
041
_a
eng
080
_a
37
100
_a
25
101
_a
EDU
245
_a
ED Thoughts
_c
MREL
942
_2
udc
_c
BK
999
_c
55734
_d
55734